South American Borders #1 - Statistics

General Stats
  • This quiz has been taken 31 times
  • The average score is 5 of 13
Answer Stats
Hint Answer % Correct
Argentina Uruguay
100%
Colombia Venezuela
100%
Guyana Venezuela
80%
Bolivia Peru
65%
Peru Chile
55%
Uruguay Argentina
40%
Venezuela Brazil
30%
Chile Argentina
20%
Ecuador Peru
10%
Paraguay Argentina
5%
Suriname Guyana
5%
French Guiana Suriname
5%
Brazil Venezuela
0%
No matching quizzes found
Score Distribution
Percent of People with Each Score
Percentile by Number Answered
Your Score History
You have not taken this quiz